000 00347nam a2200169Ia 4500
100 _aLander/Cyril W
250 _a3
942 _cBK
366 _f15
654 _aPower Electronics
245 _aPower Electronics
260 _bMcGraw Hill
_aNew Delhi
_c1993
082 _a621.317
_bLAN
300 _a480
546 _aENGLISH
999 _c25023
_d25023